| 000 | 00723cam a2200265 4500 | ||
|---|---|---|---|
| 008 | 090401t1990 xxu||||| |||| 00| 0 eng d | ||
| 020 | _a3871240648 | ||
| 035 | _a(Sirsi) u6973 | ||
| 041 | _aeng | ||
| 050 | _a526.9028 | ||
| 245 | _aHistorical surveying instruments: list of collections in Europe. | ||
| 250 | _a2nd ed. | ||
| 260 |
_aWiesbaden _bVerlag Chmielorz GmbH _c1990 |
||
| 300 | _a310p. : ill. ; 24cm. | ||
| 350 | _a32 | ||
| 520 | _aText in English, French and German. | ||
| 650 | _aCATALOGUE | ||
| 650 | _aHISTORY | ||
| 650 |
_aMeasurement _96256 |
||
| 650 | _aSURVEYING INSTRUMENTS | ||
| 690 | _aMAPPING AND MEASUREMENT | ||
| 700 |
_aMinow, Helmut _xEditor |
||
| 942 | _n0 | ||
| 948 | _c04/03/1997 | ||
| 999 |
_c86373 _d86373 |
||